| 000 | 00381nam a2200145Ia 4500 | ||
|---|---|---|---|
| 008 | 231129s1984||||xx |||||||||||||| ||spa|| | ||
| 020 | _a84-8280-911-3 | ||
| 040 | _bspa | ||
| 082 | _a813 K12r | ||
| 100 | _aKahn James | ||
| 245 | 0 | _aEl regreso del Jedi | |
| 260 | _c1984 | ||
| 264 | _aBogotá Colombia : La Oveja Negra | ||
| 942 |
_2ddc _cBKS |
||
| 999 |
_c12282 _d12282 |
||